000 01519nam0a2200277 4500
001 RU\NLR\bibl\1891007
005 20260406005655.0
021 _aRU
_b2012-20263
_91533
035 _a(NLR Aleph) 001880697
090 _a2786752
_c2786752
100 _a20120410d2010 |||y0rusy50 ca
101 0 _arus
_aeng
102 _aRU
105 _ay |||||||||
200 1 _aАутентичная устная речь для студентов-переводчиков, изучающих английский язык
_eучебное пособие
_fР.В. Кузьмина
_gФедер. агентство по образованию, Гос. образоват. учреждение высш. проф. образования, Иван. гос. хим.-технол. ун-т
210 _aИваново
_cИвановский государственный химико-технологический университет
_d2010
215 _a194 с.
_cил.
_d21
320 _aБиблиогр.: с. 194 (6 назв.)
606 1 _aАнглийский язык
_jУчебные издания для высших учебных заведений
_xРазговорная речь
_9972088
_3RU\NLR\auth\6645917
686 _aШ143.21-93рус3-6
700 1 _4070
_8rus
_7ca
_aКузьмина
_bР. В.
_cканд. филол. наук
_gРимма Владимировна
_3RU\NLR\auth\77115155
_998080
801 0 _aRU
_bNLR
_c20120410
_gRCR
801 1 _aRU
_bNLR
_c20120410
942 _cBOOK
980 _aNB